000 00831nam0a22002411 4500
001 rc\2847860
005 20250529203950.0
035 _a(NLR Aleph) 007003442
090 _a5743942
_c5743942
100 _a20110704d1928 |||y0rusy50 ca
101 0 _arus
102 _aRU
105 _aa z |||||
200 1 _aПиф-паф. [Зайкино счастье]
_e2 стишка для детей дошк. возраста
_fРис. Н. Ярушко
210 _a[Киев]
_cКультура
_cКиевпечать
_d1928
_g1-я фото-лито-тип.
215 _a[12] с.
_cрис. в красках
_d10×13 см
225 1 _aБиблиотека крошка
_v№ 17
702 1 _aЯрушко
_bН.
_4440
801 0 _aRU
_bNLR
_gpsbo
801 1 _aRU
_bELAR
_2rusmarc
852 _aNLR
_j38.78.8.58(17)
942 _cBOOK
980 _aNB